| 000 | 01008nam a22002537a 4500 | ||
|---|---|---|---|
| 005 | 20121127155951.0 | ||
| 008 | 121127t xxu||||| |||| 00| 0 eng d | ||
| 010 | _aENG-106237 | ||
| 020 |
_a9781259061202 _c150.00 |
||
| 020 |
_a1259061205 _c150.00 |
||
| 035 | _aEN-89770 | ||
| 037 | _bDBAD/PUB | ||
| 040 |
_aDPL _bEng |
||
| 082 | _a658.872 | ||
| 100 |
_aMarsden, Paul _953880 |
||
| 245 | 0 | 0 |
_aThe f-commerce handbook : _cby Paul Marsden [and] Paul Chaney _b10 secrets for unlocking the sales potential of facebook / |
| 260 |
_aNew Delhi _bTata McGraw-Hill _c2012 |
||
| 270 |
_a7 West Patel Nagar _bNew Delhi _e110008 |
||
| 300 |
_a89p. _c22cm(Hb) |
||
| 700 |
_aChaney, Paul _953886 |
||
| 942 |
_2ddc _cEN _h658.872 _mMAR |
||
| 999 |
_c71693 _d71693 |
||